000 03143cam a22005177i 4500
001 19028396
005 20230103185214.0
008 160323s2016 maua b 000 0 eng d
906 _a7
_bcbc
_ccopycat
_d2
_eepcn
_f20
_gy-gencatlg
925 0 _aacquire
_b1 shelf copy
_xpolicy default
010 _a 2016936850
020 _a9781940291758
020 _a1940291755
035 _a(OCoLC)ocn971358202
040 _aCNCCA
_beng
_cCNCCA
_erda
_dOCLCO
_dCDX
_dOMB
_dORU
_dVA@
_dOCLCF
_dYDX
_dUSD
_dDLC
042 _alccopycat
043 _an-us-ma
050 0 0 _aNA2300.H352
_bN35 2016
082 0 4 _a720.72
_223
100 1 _aNajle, Ciro,
_eauthor,
_eeditor.
245 1 4 _aThe generic sublime :
_borganizational models for global architecture /
_cCiro Najle.
246 3 0 _aOrganizational models for global architecture
264 1 _aCambridge, MA :
_bHarvard University Graduate School of Design,
_c[2016]
264 2 _aNew York, NY :
_bActar Publishers
300 _a397 pages :
_billustrations (some color) ;
_c23 cm
336 _atext
_btxt
_2rdacontent
336 _astill image
_bsti
_2rdacontent
337 _aunmediated
_bn
_2rdamedia
338 _avolume
_bnc
_2rdacarrier
504 _aIncludes bibliographical references.
505 0 _aForeword / Mohsen Mostafavi -- The generic sublime / Ciro Najle -- The laboratory of Ciro Najle / Iñaki Ábalos -- Urbanism after geology / Charles Waldheim -- Critical mass / George L. Legendre -- Some things don't go away / David Salomon -- Cue the sun! / Paul Andersen -- Permanent mobilization / Lluís Ortega -- Over-research / Leire Asensio Villoria and David Mah -- Type:topo:typo(logy) / Pablo Lorenzo-Eiroa -- Novelty / Alberto Delorenzini -- The burger / Marcia Krygier -- Gravity zero / Julián Varas -- Worlds of their own / Ciro Najle -- Generic sublime forms -- Generic sublime models -- Generic sublime organizations -- Principles, capabilities, flairs, and flaw / Ciro Najle -- Conversation / Erika Naginski, Iñaki Ábalos, Ciro Najle -- Interview / Hiromi Hosoya, Ciro Najle -- A-Z / Farshid Moussavi, Ciro Najle -- Inside / Anna Font.
520 _aThis book features design research and projects developed under the direction of Ciro Najle by graduate students at the Harvard University Graduate School of Design between 2010 and 2013, as part of the Generic Sublime studio series.--
_cSource other than Library of Congress.
650 0 _aArchitecture, Modern
_y20th century.
650 0 _aArchitecture, Modern
_y21st century.
650 0 _aSkyscrapers.
650 0 _aArchitecture
_xStudy and teaching
_zMassachusetts
_zCambridge.
655 0 7 _aStudent projects.
_cb
_2aat
650 7 _aArchitecture, Modern.
_2fast
_0(OCoLC)fst00813842
650 7 _aArchitecture
_xStudy and teaching.
_2fast
_0(OCoLC)fst00813524
650 7 _aSkyscrapers.
_2fast
_0(OCoLC)fst01120291
651 7 _aMassachusetts
_zCambridge.
_2fast
_0(OCoLC)fst01205363
648 7 _a1900-2099
_2fast
710 2 _aHarvard University.
_bGraduate School of Design,
_eissuing body.
999 _c11155
_d11155